000 00924cam a2200289 i 4500
999 _c7352
_d7352
001 1305817
003 OSt
005 20211008105709.0
008 780714s1978 iaua b 001 0 eng
010 _a 77088344
020 _a0697047539.
_a0697047520
040 _aDLC
_cDDC
_dDLC
050 0 0 _aQL467
_b.J35 1978
082 0 0 _a595.7BLA 1978
100 1 _aBland,Roger G., Jaques H.E.;
_915066
245 1 0 _aHow to know the insects.
_cEdited by Bland,Roger G. and Jaques H.E.;
250 _a3d ed.
260 _aDubuque,Iowa
_bW. C. Brown Co.,
_cc1978.
300 _axi,409p;
_bill;
_c24cm.
490 0 _aThe Pictured key nature series
504 _aIncludes; references and index.
650 0 _aInsects
_xIdentification.
_915067
650 0 _aBiology
_95602
700 1 _aJaques, H. E.
_q(Harry Edwin),
_d1880-1963,
_ejoint author.
_915068
906 _a7
_bcbc
_corignew
_d2
_eopcn
_f19
_gy-gencatlg
942 _2ddc
_cO_SHELF